000 01031nam a22003137a 4500
001 BR0000694
003 BR-BrBNA
005 20230928100547.0
007 ta
008 230509b bl.||||| |||| 00| 0 por d
040 _aBR-BrBNA
_bpor
_cBiblioteca Nacional de Agricultura
041 _a(Por)
072 _aF30
_b3000
090 _ 3000 BR0000694
100 1 _aKawaguici, C.B.
110 1 _aEscola Superior de Agricultura Luiz de Queiroz, Piracicaba, SP (Brasil)
_0Tese (Mestre em Ciencias)
245 1 _aVariacao genetica em tres grupos de individuos (adultos, jovens e plantulas)de Calophyllum brasiliense Camb. (Clusiaceae), em mata de Galeria
260 3 _aPiracicaba, SP (Brasil):
_c1999.
300 _a98 p.
500 _aSummaries (Eng, Por); Bibliography p. 71-86; 18 tables
650 _aGuttiferae
650 _aVariacao Genetica
650 _aMata
650 _aUmidade do Solo
650 _aAtividade Enzimica
650 _aModelo Matematico
909 _a202309
_bLucia
_c55
_dLucia Elande
942 _cBK
999 _c61815
_d61815